[Event "Spanish Opening"]
[Site "SchemingMind.com"]
[Date "2005.10.05"]
[Round "-"]
[White "Stefphe"]
[Black "doodledandy"]
[Result "0-1"]
[WhiteCountry "BEL"]
[BlackCountry "CAN"]
[WhiteElo "1497"]
[WhiteRD "169"]
[BlackElo "2071"]
[BlackRD "99"]
[GameID "26675"]

1. e4 e5 2. Nf3 Nc6 3. Bb5 a6 4. Ba4 Nf6 5. O-O Be7 6. Bxc6 dxc6 7. d3 Nd7 8. Nbd2 O-O 9. Nc4 f6 10. Nh4 Nc5
11. b4 Na4 12. Bd2 Be6 13. Nf5 Bxf5 14. exf5 Qd4 15. Be3 Qd5 16. Qg4 Nc3 17. a4 Bxb4 18. Bh6 Rf7 19. Kh1 Qd4 20. Qxd4 exd4
21. Bd2 a5 22. Rae1 b5 23. Nb2 Nxa4 24. Nxa4 Bxd2 25. Re2 Bb4 26. Nb2 Re7 27. Rxe7 Bxe7 28. Ra1 Bb4 29. Nd1 Re8 30. g4 Re2
31. Kg2 Rxc2 32. Rb1 Ba3 33. Kf3 Rc1 34. Rxc1 Bxc1 35. Ke4 c5 36. Kd5 a4 37. Kxc5 a3 38. Kxd4 a2
0-1

[Event "Spanish Opening"]
[Site "SchemingMind.com"]
[Date "2005.10.05"]
[Round "-"]
[White "Scotty919"]
[Black "Ilang"]
[Result "0-1"]
[WhiteCountry "ENG"]
[BlackCountry "HUN"]
[WhiteElo "1251"]
[WhiteRD "78"]
[BlackElo "2121"]
[BlackRD "140"]
[GameID "26683"]

1. e4 e5 2. Nf3 Nc6 3. Bb5 a6 4. Ba4 Nf6 5. O-O Be7 6. d3 d6 7. d4 b5 8. Bb3 exd4 9. Nxd4 Nxd4 10. Qxd4 c5
11. Qd1 c4 12. Qf3 cxb3 13. e5 Bg4 14. Qe4 Nxe4
0-1

[Event "Spanish Opening"]
[Site "SchemingMind.com"]
[Date "2005.10.06"]
[Round "-"]
[White "Scotty919"]
[Black "doodledandy"]
[Result "0-1"]
[WhiteCountry "ENG"]
[BlackCountry "CAN"]
[WhiteElo "1284"]
[WhiteRD "70"]
[BlackElo "2184"]
[BlackRD "77"]
[GameID "26684"]

1. e4 e5 2. Nf3 Nc6 3. Bb5 a6 4. Ba4 Nf6 5. O-O Be7 6. Nc3 b5 7. Bb3 d6 8. d4 Bg4 9. Be3 exd4 10. Bxd4 Bxf3
11. gxf3 Nxd4 12. Qxd4 c5 13. Qd3 c4 14. Bxc4 bxc4 15. Qxc4 O-O 16. Rad1 Qb8 17. b3 Qb7 18. b4 Rfc8 19. Qb3 Qc7 20. Rd3 d5
21. exd5 Bd6 22. Re1 Bxh2+ 23. Kh1 Nh5 24. Re4 Bd6 25. a4 Nf4 26. Rde3 Qd7 27. Kg1 Qh3 28. Rxf4 Bxf4 29. Rd3 Bh2+ 30. Kh1 Bg3+
31. Kg1 Qh2+ 32. Kf1 Qxf2#
0-1

[Event "Spanish Opening"]
[Site "SchemingMind.com"]
[Date "2005.10.06"]
[Round "-"]
[White "Scotty919"]
[Black "toguints"]
[Result "0-1"]
[WhiteCountry "ENG"]
[BlackCountry "PHI"]
[WhiteElo "1284"]
[WhiteRD "70"]
[BlackElo "1527"]
[BlackRD "103"]
[GameID "26685"]

1. e4 e5 2. Nf3 Nc6 3. Bb5 a6 4. Ba4 b5 5. O-O bxa4 6. d3 Nf6 7. c4 d6 8. Qxa4 Bd7 9. Bg5 Nd4 10. Bxf6 Bxa4
11. b3 Qxf6 12. bxa4 Nc2 13. Nbd2 Nxa1 14. Rxa1 g6 15. Rb1 Bh6 16. Nb3 Rb8 17. Nfd2 Bxd2 18. Nxd2 Rxb1+ 19. Nxb1 O-O 20. h3 Qh4
21. Nd2 f5 22. exf5 Qg5
0-1

[Event "Spanish Opening"]
[Site "SchemingMind.com"]
[Date "2005.10.05"]
[Round "-"]
[White "Scotty919"]
[Black "lucyjugs"]
[Result "1-0"]
[WhiteCountry "ENG"]
[BlackCountry "GBR"]
[WhiteElo "1284"]
[WhiteRD "70"]
[BlackElo "1366"]
[BlackRD "63"]
[GameID "26686"]

1. e4 e5 2. Nf3 Nc6 3. Bb5 a6 4. Ba4 Nf6 5. O-O Be7 6. Re1 b5 7. Bb3 O-O 8. d4 Nxd4 9. Nxe5 Nxb3 10. cxb3 d6
11. Nc6 Qd7 12. Nxe7+ Qxe7 13. Qf3 Bb7 14. Nd2 Rfe8 15. h3
1-0

[Event "Spanish Opening"]
[Site "SchemingMind.com"]
[Date "2005.10.05"]
[Round "-"]
[White "Scotty919"]
[Black "KJB Esquire"]
[Result "0-1"]
[WhiteCountry "ENG"]
[BlackCountry "USA"]
[WhiteElo "1251"]
[WhiteRD "78"]
[BlackElo "1830"]
[BlackRD "120"]
[GameID "26687"]

1. e4 e5 2. Nf3 Nc6 3. Bb5 a6 4. Ba4 Nf6 5. O-O Be7 6. Bxc6 dxc6 7. Nxe5 Nxe4 8. Qf3 Ng5 9. Qf4 O-O 10. d3 Ne6
11. Qg3 Bd6 12. Bf4 Re8 13. Re1 f6 14. Nc4 Bxf4 15. Qf3 Nd4 16. Qd1 Rxe1+ 17. Qxe1 Nxc2 18. Qe4 Bd6 19. Nbd2 Nxa1 20. d4 Bb4
21. Qb1 Qxd4 22. Qxa1 Bxd2 23. Na3 Bg4 24. Nc2 Qe4 25. b3 Qxc2
0-1

[Event "Spanish Opening"]
[Site "SchemingMind.com"]
[Date "2005.10.05"]
[Round "-"]
[White "Scotty919"]
[Black "Stefphe"]
[Result "0-1"]
[WhiteCountry "ENG"]
[BlackCountry "BEL"]
[WhiteElo "1284"]
[WhiteRD "70"]
[BlackElo "1518"]
[BlackRD "118"]
[GameID "26688"]

1. e4 e5 2. Nf3 Nc6 3. Bb5 a6 4. Ba4 Nf6 5. d3 d6 6. O-O Be7 7. c3 O-O 8. Bxc6 bxc6 9. Bg5 Bg4 10. Bxf6 Bxf6
11. h3 Be6 12. Qa4 c5 13. b4 cxb4 14. Qxb4 a5 15. Qb7 Qd7 16. Qb2 Rfb8 17. Qc1 c5 18. Nbd2 a4 19. a3 h6 20. Rb1 Bg5
21. Nxg5 hxg5 22. c4 f5 23. f3 f4 24. Re1 Kf7 25. Re2 Rh8 26. Qf1 Rh7 27. Rb2= Rah8 28. g4 Rxh3 29. Qxh3 Rxh3 30. Kg2 Rg3+
31. Kf1 Bxg4 32. fxg4 Qxg4 33. Nb1 Rg1+
0-1

[Event "Spanish Opening"]
[Site "SchemingMind.com"]
[Date "2005.10.05"]
[Round "-"]
[White "Ilang"]
[Black "Scotty919"]
[Result "1-0"]
[WhiteCountry "HUN"]
[BlackCountry "ENG"]
[WhiteElo "2121"]
[WhiteRD "140"]
[BlackElo "1251"]
[BlackRD "78"]
[GameID "26689"]

1. e4 e5 2. Nf3 Nc6 3. Bb5 a6 4. Ba4 Nf6 5. O-O b5 6. Bb3 Be7 7. Re1 d5 8. exd5 Nxd5 9. Nxe5 Nxe5 10. Rxe5 c6
11. Qe2 O-O 12. Bxd5 cxd5 13. Rxe7 Bf5 14. d3 Re8 15. Rxe8+ Qxe8 16. Qxe8+ Rxe8 17. Bd2 h6 18. a4 g5 19. axb5 axb5 20. Nc3 d4
21. Nxb5 Re2 22. Rd1 Bd7 23. Nxd4 Re5 24. c4 Ba4 25. Ra1 Bd7 26. f4 gxf4 27. Bxf4 Re7 28. Ra7
1-0

[Event "Spanish Opening"]
[Site "SchemingMind.com"]
[Date "2005.10.05"]
[Round "-"]
[White "doodledandy"]
[Black "Scotty919"]
[Result "1-0"]
[WhiteCountry "CAN"]
[BlackCountry "ENG"]
[WhiteElo "2071"]
[WhiteRD "99"]
[BlackElo "1251"]
[BlackRD "78"]
[GameID "26690"]

1. e4 e5 2. Nf3 Nc6 3. Bb5 a6 4. Ba4 Nf6 5. O-O Nxe4 6. d4 b5 7. Bb3 d5 8. dxe5 Be6 9. Nbd2 Nxd2 10. Bxd2 g6
11. a4 Bb4 12. Bxb4 Nxb4 13. c3 Nc6 14. axb5 axb5 15. Bxd5 Bxd5 16. Rxa8 Qxa8 17. Qxd5 Rf8 18. Rd1 h5 19. Qd7#
1-0

[Event "Spanish Opening"]
[Site "SchemingMind.com"]
[Date "2005.10.05"]
[Round "-"]
[White "lucyjugs"]
[Black "Scotty919"]
[Result "0-1"]
[WhiteCountry "GBR"]
[BlackCountry "ENG"]
[WhiteElo "1366"]
[WhiteRD "63"]
[BlackElo "1284"]
[BlackRD "70"]
[GameID "26692"]

1. e4 e5 2. Nf3 Nc6 3. Bb5 a6 4. Ba4 Nf6 5. O-O Nxe4 6. d4 b5 7. Bb3 h6 8. dxe5 Bb7 9. Re1 Ne7 10. Be3 g5
11. Bd4 g4 12. Nfd2 Nxd2 13. Nxd2 h5 14. Ne4 Bxe4 15. Rxe4 Nc6
0-1

[Event "Spanish Opening"]
[Site "SchemingMind.com"]
[Date "2005.10.05"]
[Round "-"]
[White "KJB Esquire"]
[Black "Scotty919"]
[Result "1-0"]
[WhiteCountry "USA"]
[BlackCountry "ENG"]
[WhiteElo "1810"]
[WhiteRD "118"]
[BlackElo "1284"]
[BlackRD "70"]
[GameID "26693"]

1. e4 e5 2. Nf3 Nc6 3. Bb5 a6 4. Ba4 Nf6 5. O-O b5 6. Bb3 Be7 7. Re1 d5 8. exd5 Nb4 9. d4 Nfxd5 10. Nxe5 f6
11. Bxd5 Nxd5 12. Qh5+ g6 13. Nxg6 hxg6 14. Qxh8+ Kd7 15. Qh3+ f5 16. Nc3 Nf4 17. Bxf4 Bb4 18. Qe3 Be7 19. Qe6+ Ke8 20. Qxg6+ Kd7
21. Qe6+ Ke8 22. Qg8+ Kd7 23. Qxd8+ Bxd8 24. a4 bxa4 25. Rxa4 Rb8 26. Ra5 Kc6 27. Rc5+ Kb7 28. Nd5 Be6 29. Rxe6
1-0

[Event "Spanish Opening"]
[Site "SchemingMind.com"]
[Date "2005.10.05"]
[Round "-"]
[White "Stefphe"]
[Black "Scotty919"]
[Result "1-0"]
[WhiteCountry "BEL"]
[BlackCountry "ENG"]
[WhiteElo "1518"]
[WhiteRD "118"]
[BlackElo "1284"]
[BlackRD "70"]
[GameID "26694"]

1. e4 e5 2. Nf3 Nc6 3. Bb5 a6 4. Ba4 Nf6 5. O-O b5 6. Bb3 Bc5 7. c3 O-O 8. d4 Bd6 9. Re1 Bb7 10. Bg5 Be7
11. dxe5 Nxe5 12. Nxe5 d6 13. Nf3 h6 14. Bxf6 Bxf6 15. Nbd2 Qd7 16. Bc2 Rfe8 17. Qe2 d5 18. Qd3 c5 19. e5 Bd8 20. Qh7+ Kf8
21. Qh8+ Ke7 22. Qxg7 Qc8 23. e6 Qxe6 24. Rxe6+ Kxe6 25. Re1+ Kd7 26. Qxf7+ Be7 27. Bf5+ Kd8 28. Qe6 Bc8 29. Qb6#
1-0

[Event "Spanish Opening"]
[Site "SchemingMind.com"]
[Date "2005.10.06"]
[Round "-"]
[White "Danzino"]
[Black "Ilang"]
[Result "0-1"]
[WhiteCountry "GBR"]
[BlackCountry "HUN"]
[WhiteElo "1952"]
[WhiteRD "109"]
[BlackElo "2120"]
[BlackRD "113"]
[GameID "26774"]

1. e4 e5 2. Nf3 Nc6 3. Bb5 a6 4. Ba4 Nf6 5. O-O Be7 6. Re1 b5 7. Bb3 d6 8. c3 O-O 9. h3 Na5 10. Bc2 c5
11. d4 Qc7 12. Nbd2 cxd4 13. cxd4 Bb7 14. d5 Rac8 15. Bb1 Rfe8 16. Nf1 g6 17. Ne3 Nd7 18. Ng4 Kh8 19. Nh6 Kg7 20. Bd3 Nc5
21. Bf1 Nc4 22. b3 Nb6 23. Ng5 f6 24. Ne6+ Nxe6 25. dxe6 d5 26. exd5 Bxd5 27. Qg4 Bc5 28. Qh4 Rxe6 29. Ng4 g5 30. Qh6+ Kh8
31. Nxf6 Qf7 32. Bxg5 Nd7 33. Qh5 Rxf6 34. Bxf6+ Qxf6 35. Re2 Rg8 36. Rd1 Bf7
0-1

[Event "Spanish Opening"]
[Site "SchemingMind.com"]
[Date "2005.10.07"]
[Round "-"]
[White "Danzino"]
[Black "Scotty919"]
[Result "1-0"]
[WhiteCountry "GBR"]
[BlackCountry "ENG"]
[WhiteElo "1964"]
[WhiteRD "138"]
[BlackElo "1251"]
[BlackRD "78"]
[GameID "26775"]

1. e4 e5 2. Nf3 Nc6 3. Bb5 a6 4. Ba4 b5 5. Bb3 Nf6 6. O-O Nxe4 7. d4 f6 8. Re1 Ng5 9. dxe5 Nxf3+ 10. Qxf3 Nxe5
11. Rxe5+ Be7 12. Qxa8 fxe5 13. Qd5 d6 14. Qf7+ Kd7 15. Qxg7 Bb7 16. Bg5 Rg8 17. Bxg8 Be4 18. Nd2 Bxc2 19. Rc1 Bg6 20. Bxe7 Qxe7
21. Rxc7+
1-0

[Event "Spanish Opening"]
[Site "SchemingMind.com"]
[Date "2005.10.07"]
[Round "-"]
[White "Danzino"]
[Black "doodledandy"]
[Result "1/2-1/2"]
[WhiteCountry "GBR"]
[BlackCountry "CAN"]
[WhiteElo "1952"]
[WhiteRD "109"]
[BlackElo "2184"]
[BlackRD "77"]
[GameID "26776"]

1. e4 e5 2. Nf3 Nc6 3. Bb5 a6 4. Ba4 Nf6 5. O-O Be7 6. Re1 b5 7. Bb3 O-O 8. c3 d6 9. h3 Bb7 10. d4 Re8
11. Nbd2 Bf8 12. a4 h6 13. Bc2 exd4 14. cxd4 Nb4 15. Bb1 c5 16. d5 Nd7 17. Ra3 c4 18. axb5 axb5 19. Nd4 Qb6 20. Nf5 Ne5
21. Rg3 g6 22. Nf3 Ned3 23. Qd2 Nxe1 24. Nxe1 Nxd5 25. Nxh6+ Bxh6 26. Qxh6 Qd4 27. e5 Ne7 28. Bxg6 Nxg6 29. Rxg6+ fxg6 30. Qxg6+ Kf8
31. Qf6+=
1/2-1/2

[Event "Spanish Opening"]
[Site "SchemingMind.com"]
[Date "2005.10.06"]
[Round "-"]
[White "Danzino"]
[Black "toguints"]
[Result "1-0"]
[WhiteCountry "GBR"]
[BlackCountry "PHI"]
[WhiteElo "1952"]
[WhiteRD "109"]
[BlackElo "1527"]
[BlackRD "103"]
[GameID "26777"]

1. e4 e5 2. Nf3 Nc6 3. Bb5 a6 4. Ba4 Nge7 5. O-O d6 6. d4 Bg4 7. dxe5 b5 8. exd6 bxa4 9. dxe7 Qxe7 10. Qd5 Qe6
11. Qxe6+ fxe6 12. Be3 g6 13. Nd4 Bg7 14. c3 Nxd4 15. Bxd4 e5 16. Bc5 Be2 17. Re1 Bd3 18. Nd2 h5 19. Nf1 g5 20. f3 g4
21. fxg4 hxg4 22. Ne3 Bxe4 23. Nxg4 Bf5 24. Nxe5 Rh5 25. g4 Rg5 26. Nf3+ Kd7 27. Nxg5 Bxg4 28. Re7+ Kc6 29. Rxg7 Kxc5 30. Rxc7+ Kd6
31. Rc4 Be2 32. Rd4+ Ke5 33. Re1 Kf5 34. Rd5+ Kf6 35. Rxe2 Rg8 36. Re6+ Kg7 37. Rd7+ Kf8 38. Rf7#
1-0

[Event "Spanish Opening"]
[Site "SchemingMind.com"]
[Date "2005.10.05"]
[Round "-"]
[White "Danzino"]
[Black "lucyjugs"]
[Result "1-0"]
[WhiteCountry "GBR"]
[BlackCountry "GBR"]
[WhiteElo "1952"]
[WhiteRD "109"]
[BlackElo "1366"]
[BlackRD "63"]
[GameID "26778"]

1. e4 e5 2. Nf3 Nc6 3. Bb5 a6 4. Ba4 Nf6 5. O-O Be7 6. Re1 b5 7. Bb3 O-O 8. c3 d6 9. h3 Bb7 10. d4 Re8
11. Nbd2 h6 12. Nf1 a5 13. d5 Nb8 14. Ng3 c5 15. a4 b4 16. c4 Nbd7= 17. Nf5
1-0

[Event "Spanish Opening"]
[Site "SchemingMind.com"]
[Date "2005.10.05"]
[Round "-"]
[White "Danzino"]
[Black "KJB Esquire"]
[Result "1-0"]
[WhiteCountry "GBR"]
[BlackCountry "USA"]
[WhiteElo "1952"]
[WhiteRD "109"]
[BlackElo "1810"]
[BlackRD "118"]
[GameID "26779"]

1. e4 e5 2. Nf3 Nc6 3. Bb5 a6 4. Ba4 Nf6 5. O-O Nxe4 6. d4 b5 7. Bb3 d5 8. dxe5 Be6 9. c3 Be7 10. Nbd2 O-O
11. Bc2 f5 12. Nb3 Qd7 13. Nfd4 Nxd4 14. Nxd4 c5 15. Nxe6 Qxe6 16. f3 Ng5 17. a4 b4 18. cxb4 cxb4 19. Bxg5 Bxg5 20. f4 Be7
21. Bb3 Bc5+ 22. Kh1 Rad8 23. Qf3 Rd7 24. Rad1 Rfd8 25. Rd2 Kf8 26. Rfd1 Qc6 27. Bxd5 Qg6 28. Qe2 Rxd5 29. Rxd5 Rxd5 30. Rxd5 Qc6
31. Qc4
1-0

[Event "Spanish Opening"]
[Site "SchemingMind.com"]
[Date "2005.10.06"]
[Round "-"]
[White "Danzino"]
[Black "Stefphe"]
[Result "1-0"]
[WhiteCountry "GBR"]
[BlackCountry "BEL"]
[WhiteElo "1964"]
[WhiteRD "138"]
[BlackElo "1497"]
[BlackRD "169"]
[GameID "26780"]

1. e4 e5 2. Nf3 Nc6 3. Bb5 a6 4. Ba4 Nf6 5. O-O Nxe4 6. d4 b5 7. Bb3 d5 8. dxe5 Be6 9. c3 Be7 10. Nbd2 O-O
11. Bc2 f5 12. Nb3 f4 13. Nfd4 Qd7 14. Nxe6 Qxe6 15. f3 Ng3 16. hxg3 fxg3 17. Nd4 Nxd4 18. Qxd4 g5 19. Re1 c5 20. Qg4 Qxg4
21. fxg4 Rf2 22. Bf5 Kg7 23. Rf1 Rxf1+ 24. Kxf1 Rf8 25. Ke2 h5 26. Bd2 hxg4 27. Rf1 Re8 28. Bxg4 Bd6 29. e6
1-0

[Event "Spanish Opening"]
[Site "SchemingMind.com"]
[Date "2005.10.05"]
[Round "-"]
[White "Ilang"]
[Black "Danzino"]
[Result "1-0"]
[WhiteCountry "HUN"]
[BlackCountry "GBR"]
[WhiteElo "2120"]
[WhiteRD "113"]
[BlackElo "1952"]
[BlackRD "109"]
[GameID "26781"]

1. e4 e5 2. Nf3 Nc6 3. Bb5 a6 4. Ba4 Nf6 5. O-O Be7 6. Re1 b5 7. Bb3 d6 8. c3 O-O 9. h3 Na5 10. Bc2 c5
11. d4 Qc7 12. Nbd2 Bd7 13. Nf1 Rfe8 14. b3 g6 15. Bg5 Nh5 16. Bxe7 Rxe7 17. Ne3 Bc6 18. Qd2 f6 19. dxe5 dxe5 20. Nd5 Qd8
21. Nxe7+ Qxe7 22. Rad1 Nb7 23. Qe3 Nf4 24. Rd2 Ne6 25. Red1 Rc8 26. h4 Be8 27. a4 b4 28. cxb4 cxb4 29. Bd3 Nbc5 30. Bc4 Kg7
31. h5 gxh5 32. Nh4 Bg6 33. Bxe6 Qxe6 34. Rd5 Qg4 35. Nf5+ Bxf5 36. exf5 Qg5 37. Qc1
1-0

[Event "Spanish Opening"]
[Site "SchemingMind.com"]
[Date "2005.10.05"]
[Round "-"]
[White "Scotty919"]
[Black "Danzino"]
[Result "0-1"]
[WhiteCountry "ENG"]
[BlackCountry "GBR"]
[WhiteElo "1284"]
[WhiteRD "70"]
[BlackElo "1952"]
[BlackRD "109"]
[GameID "26782"]

1. e4 e5 2. Nf3 Nc6 3. Bb5 a6 4. Ba4 Nf6 5. O-O Be7 6. Re1 b5 7. Bb3 d6 8. c3 O-O 9. Ng5 h6 10. Nxf7 Rxf7
11. Bxf7+ Kxf7 12. d3 Kg8 13. Qb3+ Kh8 14. Nd2 Bg4 15. f3 Bh5 16. g4 Bg6 17. h3 Qe8 18. Nf1 Bf7 19. Qc2 Nh7 20. b4 Bg5
21. Bxg5 Nxg5 22. Qg2 Ne6 23. a3 Nf4 24. Qh2 Nxd3 25. Red1 Nf4 26. Ne3 Bc4 27. Re1 Qe7 28. Qg3 Ne2+ 29. Rxe2 Bxe2 30. Nf5 Qf7
31. Re1 Bc4 32. Rd1 Ne7 33. Nxe7 Qxe7 34. h4 Rf8 35. Rd2 Qf6 36. Rf2 Qf4 37. Qg2 d5 38. exd5 Bxd5 39. h5 Bxf3 40. Qh3 e4
41. c4 bxc4 42. a4 e3 43. Rxf3 Qxf3
0-1

[Event "Spanish Opening"]
[Site "SchemingMind.com"]
[Date "2005.10.05"]
[Round "-"]
[White "doodledandy"]
[Black "Danzino"]
[Result "1-0"]
[WhiteCountry "CAN"]
[BlackCountry "GBR"]
[WhiteElo "2184"]
[WhiteRD "77"]
[BlackElo "1952"]
[BlackRD "109"]
[GameID "26783"]

1. e4 e5 2. Nf3 Nc6 3. Bb5 a6 4. Ba4 Nf6 5. O-O Be7 6. Re1 b5 7. Bb3 d6 8. c3 O-O 9. h3 Na5 10. Bc2 c5
11. d4 Qc7 12. Nbd2 cxd4 13. cxd4 Nc6 14. Nb3 a5 15. Be3 a4 16. Nbd2 Bd7 17. Rc1 Qb7 18. Qe2 Rfe8 19. a3 Rab8 20. dxe5 Nxe5
21. Bd4 Bd8 22. b4 axb3 23. Bxb3 Nxf3+ 24. Qxf3 Be6 25. Rb1 Nd7 26. a4 b4 27. Nc4 Be7 28. Qg3 Ne5 29. Nxe5 dxe5 30. Bxe5
1-0

[Event "Spanish Opening"]
[Site "SchemingMind.com"]
[Date "2005.10.05"]
[Round "-"]
[White "toguints"]
[Black "Danzino"]
[Result "0-1"]
[WhiteCountry "PHI"]
[BlackCountry "GBR"]
[WhiteElo "1527"]
[WhiteRD "103"]
[BlackElo "1952"]
[BlackRD "109"]
[GameID "26784"]

1. e4 e5 2. Nf3 Nc6 3. Bb5 a6 4. Ba4 Nf6 5. Bxc6 dxc6 6. Nc3 Bd6 7. d3 h6 8. b3 Bg4 9. h3 Bxf3 10. Qxf3 Bb4
11. Bd2 Qd4 12. O-O Bxc3 13. Bxc3 Qxc3 14. Qg3 O-O 15. f3 Qxc2 16. Qxe5 Qxd3 17. Qxc7 Qd7 18. Qxd7 Nxd7 19. g4 Rfd8 20. f4 Nf8
21. a4 Rd3 22. h4 Rad8 23. b4 R3d4 24. e5 Rxb4 25. Rfb1 Rdd4 26. f5 Rxg4+ 27. Kf2 Rxh4 28. a5 Rb5 29. Rxb5 cxb5 30. Kg3 Ra4
31. Rc1 Rxa5 32. Rc7 b4 33. Rxb7 Rb5 34. Ra7 b3 35. Rxa6 b2 36. f6 b1=Q 37. fxg7 Qd3+ 38. Kf4 Rb4#
0-1

[Event "Spanish Opening"]
[Site "SchemingMind.com"]
[Date "2005.10.05"]
[Round "-"]
[White "lucyjugs"]
[Black "Danzino"]
[Result "0-1"]
[WhiteCountry "GBR"]
[BlackCountry "GBR"]
[WhiteElo "1366"]
[WhiteRD "63"]
[BlackElo "1952"]
[BlackRD "109"]
[GameID "26785"]

1. e4 e5 2. Nf3 Nc6 3. Bb5 a6 4. Ba4 Nf6 5. O-O Be7 6. Qe2 b5 7. Bb3 O-O 8. c3 d6 9. d4 Bg4 10. Rd1 exd4
11. cxd4 d5 12. e5 Ne4 13. Nc3 Nxc3 14. bxc3 Qd7 15. Be3= Na5
0-1

[Event "Spanish Opening"]
[Site "SchemingMind.com"]
[Date "2005.10.05"]
[Round "-"]
[White "KJB Esquire"]
[Black "Danzino"]
[Result "1-0"]
[WhiteCountry "USA"]
[BlackCountry "GBR"]
[WhiteElo "1812"]
[WhiteRD "112"]
[BlackElo "1834"]
[BlackRD "103"]
[GameID "26786"]

1. e4 e5 2. Nf3 Nc6 3. Bb5 a6 4. Ba4 Nf6 5. O-O Be7 6. Re1 b5 7. Bb3 d6 8. c3 O-O 9. h3 Na5 10. Bc2 c5
11. d4 Qc7 12. Qd2 Re8 13. Qe2 Bf8 14. dxc5 dxc5 15. Bg5 Nd7 16. Nbd2 f6 17. Be3 g6 18. a4 b4 19. Nb3 bxc3 20. bxc3 Kh8
21. Red1 Rb8 22. Nxa5 Qxa5 23. Qc4 Bg7 24. Rd5 Qc7 25. a5 Bb7 26. Rd2 Bc6 27. Qxa6 Rb2 28. Qc4 Bb5 29. Qf7 Rf8 30. Qe7 Qc8
31. Ba4 Rxd2 32. Nxd2 Bxa4 33. Rxa4 Re8 34. Qd6 Bf8 35. Qd5 Nb8 36. Qf7 Qc6 37. Rc4 Na6 38. Nb3 Rb8 39. Kh2 Qb7 40. Qxf6+ Bg7
41. Qe6
1-0

[Event "Spanish Opening"]
[Site "SchemingMind.com"]
[Date "2005.10.05"]
[Round "-"]
[White "Stefphe"]
[Black "Danzino"]
[Result "0-1"]
[WhiteCountry "BEL"]
[BlackCountry "GBR"]
[WhiteElo "1518"]
[WhiteRD "118"]
[BlackElo "1952"]
[BlackRD "109"]
[GameID "26787"]

1. e4 e5 2. Nf3 Nc6 3. Bb5 a6 4. Ba4 Nf6 5. O-O Be7 6. Re1 b5 7. Bb3 d6 8. c3 O-O 9. h3 Na5 10. Bc2 c5
11. d4 Qc7 12. Be3 Nc4 13. Bc1 Bd7 14. b3 Nb6 15. Bg5 h6 16. Bh4 Rfe8 17. a4 bxa4 18. dxe5 axb3 19. Bxb3 dxe5 20. Ra2 c4
21. Bc2 Nh7 22. Bg3 Bf6 23. Nbd2 Ng5 24. Nxg5 Bxg5 25. Nf3 Bf6 26. Bb1 Bc6 27. Rd2 Rad8 28. Ree2 Rxd2 29. Rxd2 Ba4 30. Qe2 Bb3
31. Ba2 a5 32. Bxb3 cxb3 33. Qb5 Rb8 34. Qxa5 Qb7 35. Bxe5 Nc4
0-1